Statistics for the behavioural sciences : a first course for students of psychology and education (Record no. 174497)

MARC details
000 -LEADER
fixed length control field 00497nam a2200145Ia 4500
008 - FIXED-LENGTH DATA ELEMENTS--GENERAL INFORMATION
fixed length control field 231217s9999 xx 000 0 und d
041 ## - LANGUAGE CODE
Language code of text/sound track or separate title English
082 ## - DEWEY DECIMAL CLASSIFICATION NUMBER
Classification number 310 GRA;1 R
100 ## - MAIN ENTRY--PERSONAL NAME
Personal name Gravetter, Frederick J Wallnau, Larry B
245 #0 - TITLE STATEMENT
Title Statistics for the behavioural sciences : a first course for students of psychology and education
260 ## - PUBLICATION, DISTRIBUTION, ETC.
Date of publication, distribution, etc. 1985
Name of publisher, distributor, etc. West Pub,
Place of publication, distribution, etc. St Paul
300 ## - PHYSICAL DESCRIPTION
Extent xvii+705
650 ## - SUBJECT ADDED ENTRY--TOPICAL TERM
Topical term or geographic name entry element Statistics,behavioural,sciences,:,course,psychology,education
942 ## - ADDED ENTRY ELEMENTS (KOHA)
Koha item type Books
Holdings
Date last seen Total checkouts Full call number Accession number Date last checked out Cost, total (INR) price Price effective from Category Lost status Damaged status Department Withdrawn status Home library Current library Shelving location Entry date Vendor Cost, normal purchase price Grants Billnumber Billdate Currency symbol Conversion rate Discount Old discount
28/02/2025 2 310 GRA;1 R 33891 28/02/2025 300.00 26/01/2024 Books     Central Library   Central Library RFID Kiosk Central Library 28/04/2005 Kitab Khazana 300.00 MATHS 15 28/03/2008 RS 1    

© For any Suggestions or Query, please contact the library staff @ librarian@pes.edu or Phone: +9180 2672 1983/ 2108.